| 000 | 00984nac a22002291u 4500 | ||
|---|---|---|---|
| 008 | 100906t xxu||||| |||| 00| 0 eng d | ||
| 010 | _a2002280163 | ||
| 020 | _a0072193794 | ||
| 020 | _a0070499209 | ||
| 082 | 0 | 0 |
_a005.133 _bW9471 |
| 100 |
_aWright, Charles. _918390 |
||
| 245 | 1 | 0 |
_aC _btips & techniques / _cCharles Wright ; edited by Kris Jamsa. |
| 260 |
_aNew Delhi : _bMcGraw-Hill/Osborne, _c2002. |
||
| 300 |
_axx, 626 p. : _bill. ; _c24 cm. |
||
| 500 | _aIncludes index. | ||
| 650 | 0 |
_a (Computer program language) _aC _918391 |
|
| 700 | 1 |
_aJamsa, Kris A. _918392 |
|
| 856 | 4 | 2 |
_3Publisher description _uhttp://www.loc.gov/catdir/description/mh024/2002280163.html |
| 856 | 4 | 2 |
_3Table of contents _uhttp://www.loc.gov/catdir/toc/mh023/2002280163.html |
| 942 |
_cBB _k005.133W9471 _2ddc |
||
| 999 |
_c498 _d498 |
||